00533cam a22002051 4500001001300000003000400013005001700017008004100034010001700075035002000092040001900112042001200131050001900143060002300162100002100185245006100206260002600267300001700293999001700310med47001883 DLC20260227111604.0810815s1946 xx a 000 0 fre  amed47001883  a(OCoLC)14736573 aDLCcDNLMdDLC apremarc00aRC311.1b.W4150 aWF 315bW422e 19461 aWeiller, Pierre.10aEducation physique, sports et tuberculose pulmonaire ... aParis,bVigot,c1946. a320 p.bill. c38445d38445